Computing (Record no. 38311)

MARC details
000 -LEADER
fixed length control field 00553nam a2200169 a 4500
008 - FIXED-LENGTH DATA ELEMENTS--GENERAL INFORMATION
fixed length control field 120416s1995 ||||||||||||||||| || u
020 ## - INTERNATIONAL STANDARD BOOK NUMBER
International Standard Book Number 0133099563
050 ## - LIBRARY OF CONGRESS CALL NUMBER
Classification number QA 76.5 Lon
100 ## - MAIN ENTRY--PERSONAL NAME
Personal name Long, Larry
245 10 - TITLE STATEMENT
Title Computing
260 ## - PUBLICATION, DISTRIBUTION, ETC.
Place of publication, distribution, etc. Englewood Cliffs, N.J.
Name of publisher, distributor, etc. FT Prentice-Hall
Date of publication, distribution, etc. 1995
300 ## - PHYSICAL DESCRIPTION
Extent xii, 308p. : ill
350 ## - PRICE (NR) (BK AM CF MU VM SE) [OBSOLETE]
Price 0.00
650 ## - SUBJECT ADDED ENTRY--TOPICAL TERM
Topical term or geographic name entry element COMPUTER SOFTWARE
650 ## - SUBJECT ADDED ENTRY--TOPICAL TERM
Topical term or geographic name entry element MICROCOMPUTERS
995 ## - RECOMMENDATION 995 [LOCAL, UNIMARC FRANCE]
-- 0.00
-- CBU-MAIN LIBRARY (Kitwe)
-- 1
-- 19.00
-- 1
-- DAMAGED
-- Main Library Open Access Collection
Holdings
Withdrawn status Lost status Source of classification or shelving scheme Damaged status Not for loan Home library Current library Shelving location Date acquired Total Checkouts Full call number Barcode Date last seen Price effective from Koha item type
          CBU-MAIN LIBRARY, KITWE. CBU-MAIN LIBRARY, KITWE.   11/30/2022   QA 76.5 Lon 025327 11/30/2022 11/30/2022 MONOGRAPH